00792nac a22002291u 4500010001600000020001500016022001500031082002100046090001500067100003400082245011100116250001200227260004100239300003400280500001500314500003500329504004100364650001200405942002300417999001500440952010700455 a 79017425 a0394506936 a058608409600a398.2452bW85012 c2968d2968 aWood, Ramsay, 10aKalila and Dimna :bselected fables of Bidpai /cretold by Ramsay Wood ; illustrated by Margaret Kilrenny. a1st ed. aCanada :bGranada Publishing,c1980. axix, 262 p. :bill. ;c22 cm. aDonations. aDonations - Dr. Mostafa Gouda. aIncludes bibliographical references. 0aFables. cBBk398.2452W85012 c2968d2968 00104070aMAINbMAINc1STd2013-03-07ePurchasel0o398.2452 WOOp000001215r2025-07-15 00:00:00yBB